000 00414nam a2200193Ia 4500
008 101110s9999 xx 000 0 und d
041 _aENGLISH
082 _bSR11338
_a658.8
100 _aNair Rajan N.
245 _aMarketing
365 _b12.5
520 _aCommerce
546 _aENGLISH
630 _aMarketing
650 _aCommerce
655 _aCommerce
730 _aMarketing
942 _cBOOK
999 _c806114
_d806111